Free time and leisure participation : international perspectives (Record no. 188249)

MARC details
000 -LEADER
fixed length control field 00916nam a2200253Ia 4500
008 - FIXED-LENGTH DATA ELEMENTS--GENERAL INFORMATION
fixed length control field 191130s2005##################000#0#eng##
020 ## - INTERNATIONAL STANDARD BOOK NUMBER
ISBN 9780851996202
082 ## - DEWEY DECIMAL CLASSIFICATION NUMBER
Classification number 790.1 CUS
245 ## - TITLE STATEMENT
Title Free time and leisure participation : international perspectives
Statement of responsibility, etc edited by Grant Cushman, A.J. Veal and Jiri Zuzanek
260 ## - PUBLICATION, DISTRIBUTION, ETC. (IMPRINT)
Place of publication Wallingford, UK ; Cambridge, MA
Name of publisher CABI Pub
Year of publication c2005
300 ## - PHYSICAL DESCRIPTION
Number of Pages xvi, 298 p. : ill. ; 25 cm
500 ## - GENERAL NOTE
General note Updated and expanded ed. of: World leisure participation. 1966. Includes bibliographical references and index
650 ## - SUBJECT ADDED ENTRY--TOPICAL TERM
Topical Term Leisure - Cross-cultural studies
Topical Term Recreation - Cross-cultural studies
Topical Term Recreational surveys
700 ## - ADDED ENTRY--PERSONAL NAME
Personal name Cushman, Grant
Personal name Veal, Anthony James
Personal name Zuzanek, Jiri
991 ## -
-- 372666
Holdings
Withdrawn status Lost status Damaged status Not for loan Home library Current library Shelving location Date acquired Full call number Accession Number Price effective from Koha item type
        Anna Centenary Library Anna Centenary Library 6TH FLOOR, B WING 13.10.2020 790.1 CUS 164431 13.10.2020 English Books

Find us on the map